| 000 | 00662nam a2200181 a 4500 | ||
|---|---|---|---|
| 005 | 20210219160335.0 | ||
| 008 | 081013s1995 mx r 000 0 spa d | ||
| 020 | _a1564090132 | ||
| 035 | _aUPN01000163352 | ||
| 049 | _aUNE | ||
| 080 | _aOC 058 (72) "1995" TOD. | ||
| 245 | 0 | 0 |
_aTodo México 1995 : _bresumen ilustrado de los acontacimientos más importantes registrados en México en 1994, para la actualización de la enciclopedia de México. |
| 260 |
_aMéxico : _bEnciclopedia de México, _c1995. |
||
| 300 |
_a448 p. : _bil., map. |
||
| 690 | _aAnuarios - Libros de datos - México | ||
| 690 | _aMéxico - Anuarios - Libros de datos | ||
| 905 | _aUNESCO | ||
| 999 |
_c135465 _d135465 |
||